000 01463nam a22003737a 4500
003 CHAP
005 20220329143616.0
008 100909s2007 mx r 00010 spa d
010 _a99234
011 _a100206
035 _a110892
040 _cCHAP
090 _aTesis
100 1 _aJesús Martínez, Rosa Gloria de.
_961410
245 1 3 _aEl masaje terapeutico en el tratamiento de la hiperactividad con deficit de atención en niños de 6 a 12 años
_c/por Rosa Gloria de Jesús Martínez y Laura Gómez Padilla
260 _aChapingo, Méx. :
_bEl autor,
_c2007
300 _ax, 97 h. :
_bilus., cuadros
502 _aTesis (Diplomado en Quiroterapias Reflexológicas -- UACH. Centro de Educación Continua
590 _aALEPH
_b10
_c20130110
_lUCH01
_h1536
590 _aBATCH-UPD
_b10
_c20130110
_lUCH01
_h1224
590 _aBATCH-UPD
_b10
_c20130410
_lUCH01
_h0757
590 _aBATCH-UPD
_b10
_c20130914
_lUCH01
_h1026
590 _aCONVERSION
_b10
_c20130109
_lUCH01
_h1355
650 1 4 _aConducta (Psicología)
_926343
650 1 4 _aMedicina alternativa.
_973914
650 1 4 _aPsicología patológica.
_992614
650 1 4 _aPsicología pedagógica.
_992615
650 1 4 _aTerapéutica fisiológica.
_9112346
700 1 _aGómez Padilla, Laura.
_949844
901 _aBK
942 _cFOLL
949 _aTesis
_bBC
_cTES
_d33724002074149
_eTS1
_gDonaciØn
_h51060
_i110892
_sb
949 _aTesis
_bBC
_cTES
_d33724002074181
_eTS2
_fc.2
_gDonaciØn
_h51061
_i110892
_sb
999 _c99234
_d99234